000 00502nam a22001817a 4500
999 _c525681
_d525681
003 NUST
020 _qHB/K
038 _aFaiza
082 _a954.588
_bQAI
100 _aChoudhary, Qais
_916625
245 _aTamaddan e Mewaat /
_cQais Choudhary
260 _aLahore :
_bFiction House,
_c2012.
300 _a799 p. ;
880 _6100-01\r
_aقیس چودھری
880 _6245-02\r
_aتمدّنِ میوات /
880 _6260-03\r
_aلاہور :
_bفکشن ہاؤس,
_c۲۰۱۲.
942 _2ddc
_cBK